Prontuario de árboles de selva baja caducifolia
| Main Authors: | , |
|---|---|
| Format: | Section = Libro |
| Language: | Undetermined Spanish |
| Published: |
México
[s.e.]
1997
|
| Subjects: |
| LEADER | 00536nam a2200193Ia 4500 | ||
|---|---|---|---|
| 008 | 240830s9999 xx 000 0 und d | ||
| 020 | |a 968-817-400-9 | ||
| 040 | |a B-ESTELÍ- RUACS / 634.975 C696 | ||
| 041 | |a spa | ||
| 082 | |a 634.975 C696 | ||
| 100 | 1 | |a Colín, Hortensia | |
| 100 | 1 | |b Monroy, Rafael | |
| 245 | 1 | 0 | |a Prontuario de árboles de selva baja caducifolia |
| 260 | |a México |b [s.e.] |c 1997 | ||
| 300 | |a 79 p. | ||
| 650 | 7 | |a PRONTUARIO DE ÁRBOLES - SELVA BAJA - CADUCIFOLIA | |
| 942 | |c BK |2 ddc | ||
| 991 | |a TEXTO | ||
| 999 | |c 11350 | ||